| 000 | 01018cam a2200301 i 4500 | ||
|---|---|---|---|
| 001 | 200459792 | ||
| 003 | TR-AnTOB | ||
| 005 | 20240731150428.0 | ||
| 007 | ta | ||
| 008 | 031231s2003 tu a r 000 0 tur d | ||
| 040 |
_aTR-AnTOB _beng _erda _cTR-AnTOB |
||
| 041 | 0 | _atur | |
| 050 |
_aHF5230.5.I95 _bA4534 2003 |
||
| 090 |
_aTOBBK HF 5230.5.I95 _bA4534 2003 |
||
| 092 | _aREH ALİ V. 2003 K. | ||
| 245 | 0 | 0 |
_aAliağa ticaret ve sanayi rehberi / _cAliağa Ticaret Odası. |
| 246 | 2 | 4 | _aAliağa sanayi ve ticaret rehberi. |
| 264 | 1 |
_aİzmir : _bAliağa Ticaret Odası, _c2003. |
|
| 300 |
_a219 pages : _billustrations ; _c24 cm |
||
| 336 |
_atext _btxt _2rdacontent |
||
| 337 |
_aunmediated _bn _2rdamedia |
||
| 338 |
_avolume _bnc _2rdacarrier |
||
| 651 | 7 |
_aAliağa (İzmir İli, Türkiye) _xTicaret _vRehberler _2etuturkob _9145188 |
|
| 651 | 7 |
_aAliağa (İzmir İli, Türkiye) _xİmalat _vRehberler _2etuturkob _9145188 |
|
| 710 | 2 |
_aAliağa Ticaret Odası _9145402 |
|
| 942 |
_2lcc _cBK |
||
| 999 |
_c200459792 _d78004 |
||